| 000 | 00376 a2200145 4500 | ||
|---|---|---|---|
| 001 | 166683 | ||
| 020 | _a | ||
| 040 | _cMagnum | ||
| 100 | _aBossa, Nadia A. | ||
| 240 | 1 | 0 |
_aA psicopedagogia no brasil: contribuicoes a partir da pratica _lpor |
| 245 | 1 | 0 | _aA psicopedagogia no brasil: contribuicoes a partir da pratica |
| 362 | 0 | _a1899 | |
| 697 | _aPEDAGOGIA | ||
| 942 | _cBK | ||
| 999 |
_c166683 _d166683 |
||